| 000 | 00760nam a2200241Ia 4500 | ||
|---|---|---|---|
| 008 | 191130s2004##################000#0#eng## | ||
| 020 | _a9788176495752 | ||
| 040 |
_aACL _cACL |
||
| 082 | _a658.31 WEN | ||
| 100 | _aWendover, Robert W | ||
| 245 |
_aHigh performance hiring : selecting the best _cRobert W Wendover |
||
| 260 |
_aNew Delhi _bCrisp Learning _c2004 |
||
| 300 | _axii , 105 p. : ill. ; 23 cm | ||
| 500 | _aIncludes bibliographical references and index | ||
| 650 | _aEmployee selection | ||
| 650 | _aEmployees--Rating of | ||
| 650 | _aEmployees--Recruiting | ||
| 650 | _aExecutives--Selection and appointment | ||
| 650 | _aPerformance--Management | ||
| 990 | _a392ac8cdac10000c363def333c42247b | ||
| 991 | _a155752 | ||
| 999 |
_c204440 _d204440 |
||